[Event "Wch Blitz"]
[Site "Riadh"]
[Date "2017.12.30"]
[Round "19"]
[White "Al Zamel, Khaled"]
[Black "Salama, Taher"]
[Result "0-1"]
[WhiteElo "1942"]
[BlackElo "1769"]
[PlyCount "117"]
[EventDate "2017.12.29"]
[EventType "swiss (blitz)"]
[EventRounds "21"]
[EventCountry "SAU"]
[SourceTitle "CBM 182 Extra"]
[Source "ChessBase"]
[SourceDate "2018.02.23"]
[SourceVersion "1"]
[SourceVersionDate "2018.02.23"]
[SourceQuality "1"]

1. e4 c5 2. Nc3 Nc6 3. f4 e6 4. Nf3 d5 5. Bb5 d4 6. Bxc6+ bxc6 7. Ne2 Nf6 8. d3 Be7 9. 0-0 Rb8 10. Qe1 0-0 11. Nd2 Ng4 12. Nc4 Bh4 13. Qd1 f5 14. h3 Nh6 15. e5 Be7 16. Ng3 Ba6 17. Nd2 Bc8 18. b3 Bd7 19. Nc4 Be8 20. Ba3 Rb7 21. Qd2 g5 22. fxg5 Bxg5 23. Qe2 Rg7 24. Bxc5 Rff7 25. Nd6 Be3+ 26. Kh2 Qg5 27. Rf3 Rd7 28. Ba3 Bf4 29. Qf2 Bh5 30. Rxf4 Ng4+ 31. Rxg4 Bxg4 32. Rf1 f4 33. Qxf4 Qxf4 34. Rxf4 Bd1 35. Rf2 h6 36. Nge4 Kh8 37. Nf6 Rd8 38. Nde4 c5 39. Bxc5 Rc8 40. b4 a5 41. a3 axb4 42. axb4 Ra8 43. Nh5 Rgg8 44. Nef6 Rg6 45. Rf4 Bxc2 46. Rxd4 Rag8 47. Rg4 Rxg4 48. Nxg4 Bxd3 49. Nhf6 Rc8 50. Nxh6 Kg7 51. Nhg4 Bf5 52. h4 Kg6 53. g3 Rd8 54. h5+ Kg5 55. h6 Bxg4 56. Nxg4 Kxg4 57. Be7 Rh8 58. Bf6 Rxh6+ 59. Kg2 0-1

[Event "Wch Blitz"]
[Site "Riadh"]
[Date "2017.12.30"]
[Round "17"]
[White "Miswadah, Baha"]
[Black "Salama, Taher"]
[Result "1/2-1/2"]
[WhiteElo "1877"]
[BlackElo "1769"]
[PlyCount "39"]
[EventDate "2017.12.29"]
[EventType "swiss (blitz)"]
[EventRounds "21"]
[EventCountry "SAU"]
[SourceTitle "CBM 182 Extra"]
[Source "ChessBase"]
[SourceDate "2018.02.23"]
[SourceVersion "1"]
[SourceVersionDate "2018.02.23"]
[SourceQuality "1"]

1. d4 Nf6 2. c4 e6 3. Nc3 d5 4. Qc2 Be7 5. e4 dxe4 6. Nxe4 0-0 7. Nf3 c5 8. Nxf6+ Bxf6 9. dxc5 Qa5+ 10. Bd2 Qxc5 11. Be2 Nc6 12. 0-0 e5 13. a3 Bg4 14. Bc3 Nd4 15. Nxd4 exd4 16. Bxg4 dxc3 17. bxc3 Qxc4 18. Be2 Qxc3 19. Qxc3 Bxc3 20. Rab1 1/2-1/2

[Event "Wch Blitz"]
[Site "Riadh"]
[Date "2017.12.30"]
[Round "12"]
[White "Salama, Taher"]
[Black "Al Habeeb, Emad"]
[Result "1-0"]
[WhiteElo "1769"]
[BlackElo "1933"]
[PlyCount "127"]
[EventDate "2017.12.29"]
[EventType "swiss (blitz)"]
[EventRounds "21"]
[EventCountry "SAU"]
[SourceTitle "CBM 182 Extra"]
[Source "ChessBase"]
[SourceDate "2018.02.23"]
[SourceVersion "1"]
[SourceVersionDate "2018.02.23"]
[SourceQuality "1"]

1. d4 Nf6 2. c4 g6 3. Nc3 Bg7 4. e4 d6 5. Be2 0-0 6. Nf3 c5 7. d5 Bg4 8. h3 Bxf3 9. Bxf3 Nbd7 10. Bf4 a6 11. 0-0 Rb8 12. Be2 Qc7 13. Qc2 e5 14. dxe6 fxe6 15. Rad1 e5 16. Bg5 Rbd8 17. Rd2 h6 18. Be3 Nh7 19. Rfd1 Nb6 20. f3 g5 21. b3 Nf6 22. Nd5 Nbxd5 23. exd5 Nh5 24. Qg6 Qf7 25. Qxf7+ Rxf7 26. Bd3 Nf4 27. Be4 h5 28. Kh2 h4 29. a3 Bf6 30. Bf5 Rg7 31. Bxf4 gxf4 32. Be6+ Kh8 33. b4 Rf8 34. bxc5 dxc5 35. d6 Rd8 36. d7 Re7 37. Bg4 Kg7 38. Rd6 Kf7 39. Bh5+ Kg7 40. Bg4 Kf8 41. Rxf6+ Kg7 42. Rb6 Rb8 43. Rdd6 Rd8 44. Rg6+ Kh7 45. Rh6+ Kg7 46. Rbg6+ Kf7 47. Rg5 Rexd7 48. Rh7+ Kf6 49. Rxd7 Rxd7 50. Bxd7 Kxg5 51. Bc8 b6 52. Bxa6 Kf6 53. Kg1 Ke6 54. Bb7 Kd6 55. Kf2 Kc7 56. Bd5 Kd6 57. a4 Kc7 58. Ke2 Kb8 59. Kd3 Ka7 60. Ke4 Ka6 61. Kxe5 Ka5 62. Bc6 Kb4 63. Bb5 Kc3 64. Kxf4 1-0

[Event "Wch Blitz"]
[Site "Riadh"]
[Date "2017.12.29"]
[Round "11"]
[White "Al Abdali, Zeyad Saleh"]
[Black "Salama, Taher"]
[Result "0-1"]
[WhiteElo "1801"]
[BlackElo "1769"]
[PlyCount "72"]
[EventDate "2017.12.29"]
[EventType "swiss (blitz)"]
[EventRounds "21"]
[EventCountry "SAU"]
[SourceTitle "CBM 182 Extra"]
[Source "ChessBase"]
[SourceDate "2018.02.23"]
[SourceVersion "1"]
[SourceVersionDate "2018.02.23"]
[SourceQuality "1"]

1. d4 Nf6 2. Nf3 e6 3. Bg5 Be7 4. c4 d5 5. Nc3 b6 6. e3 Bb7 7. Be2 0-0 8. 0-0 Nbd7 9. Rc1 c5 10. Re1 Rc8 11. Bh4 cxd4 12. exd4 dxc4 13. Nd2 Nd5 14. Bg3 Bg5 15. Rb1 a6 16. Nxc4 Be7 17. Nd6 Bxd6 18. Bxd6 Re8 19. Rc1 Qg5 20. Bg3 Nf4 21. Bf3 Bxf3 22. Qxf3 Nd5 23. Ne4 Rxc1 24. Qe2 Rxe1+ 25. Qxe1 Qg6 26. h4 N7f6 27. Nd6 Rd8 28. Qc1 Ne4 29. Nxe4 Qxe4 30. Qg5 f6 31. Qd2 Rc8 32. Kh2 Rc2 33. Qd1 Qe2 34. Qg1 Qd2 35. b3 Rc1 36. Qxc1 Qxc1 0-1

[Event "Wch Blitz"]
[Site "Riadh"]
[Date "2017.12.29"]
[Round "10"]
[White "Salama, Taher"]
[Black "Al Jabri, Mohammed Ali"]
[Result "0-1"]
[WhiteElo "1769"]
[BlackElo "2154"]
[PlyCount "88"]
[EventDate "2017.12.29"]
[EventType "swiss (blitz)"]
[EventRounds "21"]
[EventCountry "SAU"]
[SourceTitle "CBM 182 Extra"]
[Source "ChessBase"]
[SourceDate "2018.02.23"]
[SourceVersion "1"]
[SourceVersionDate "2018.02.23"]
[SourceQuality "1"]

1. d4 d5 2. c4 Bf5 3. Nc3 e6 4. cxd5 exd5 5. Qb3 Nc6 6. e3 Nb4 7. e4 dxe4 8. a3 Nc6 9. d5 Ne5 10. Bf4 Nd3+ 11. Bxd3 exd3 12. Nf3 Nf6 13. 0-0 Be7 14. Nd4 Bd7 15. Ncb5 Bxb5 16. Nxb5 0-0 17. Nxc7 Rc8 18. Nb5 Nxd5 19. Bg3 a6 20. Nd4 Bf6 21. Nf5 Rc2 22. Qxd3 Rxb2 23. Rad1 Nc3 24. Qxd8 Rxd8 25. Rxd8+ Bxd8 26. Be5 Rc2 27. Ne3 Ne2+ 28. Kh1 Ra2 29. Rd1 Bf6 30. Nf5 h6 31. Bxf6 gxf6 32. Nxh6+ Kh7 33. Ng4 Rxa3 34. Nxf6+ Kg6 35. Ne4 b5 36. Nd6 Nc3 37. Re1 Ra2 38. Kg1 b4 39. h4 a5 40. g4 b3 41. Nc4 a4 42. f4 b2 43. f5+ Kg7 44. Re3 b1Q+ 0-1

[Event "Wch Blitz"]
[Site "Riadh"]
[Date "2017.12.29"]
[Round "6"]
[White "Salama, Taher"]
[Black "Khairat, Ahmed"]
[Result "0-1"]
[WhiteElo "1769"]
[BlackElo "2211"]
[PlyCount "40"]
[EventDate "2017.12.29"]
[EventType "swiss (blitz)"]
[EventRounds "21"]
[EventCountry "SAU"]
[SourceTitle "CBM 182 Extra"]
[Source "ChessBase"]
[SourceDate "2018.02.23"]
[SourceVersion "1"]
[SourceVersionDate "2018.02.23"]
[SourceQuality "1"]

1. d4 e5 2. dxe5 f6 3. exf6 Nxf6 4. Nc3 Bc5 5. e3 0-0 6. Nf3 d5 7. Be2 c6 8. 0-0 Qe7 9. a3 a5 10. Nd4 Nbd7 11. Bd3 Ne5 12. Be2 Bd7 13. b3 Rae8 14. Bb2 Neg4 15. h3 Nxe3 16. fxe3 Qxe3+ 17. Kh1 Bxd4 18. Bd3 Ng4 19. Qe1 Rxf1+ 20. Qxf1 Qg3 0-1

[Event "Wch Blitz"]
[Site "Riadh"]
[Date "2017.12.29"]
[Round "1"]
[White "Salama, Taher"]
[Black "Savchenko, Boris"]
[Result "0-1"]
[WhiteElo "1769"]
[BlackElo "2566"]
[PlyCount "93"]
[EventDate "2017.12.29"]
[EventType "swiss (blitz)"]
[EventRounds "21"]
[EventCountry "SAU"]
[SourceTitle "CBM 182 Extra"]
[Source "ChessBase"]
[SourceDate "2018.02.23"]
[SourceVersion "1"]
[SourceVersionDate "2018.02.23"]
[SourceQuality "1"]

1. d4 Nf6 2. c4 g6 3. Nc3 d5 4. e3 Bg7 5. Nf3 0-0 6. Be2 c5 7. 0-0 cxd4 8. exd4 Nc6 9. Bf4 b6 10. Rc1 Bb7 11. Re1 dxc4 12. Bxc4 Rc8 13. Bd3 Nb4 14. Be2 Nfd5 15. Be5 Bh6 16. Qb3 Bxc1 17. Rxc1 Ba6 18. Bxa6 Nxa6 19. Re1 Nab4 20. Qd1 Nxc3 21. bxc3 Nd5 22. Qd2 f6 23. Qh6 Rf7 24. Bg3 Qd7 25. h4 Rxc3 26. h5 Qg4 27. hxg6 hxg6 28. Qd2 Rxf3 29. gxf3 Qxf3 30. Qe2 Qxe2 31. Rxe2 Kf8 32. Rc2 Ke8 33. Rc8+ Kd7 34. Ra8 a5 35. Ra7+ Kc6 36. Kf1 g5 37. Ke2 Rf8 38. Kd3 Rd8 39. Kc4 Rd7 40. Ra8 b5+ 41. Kd3 a4 42. Ra6+ Kb7 43. Re6 Nb4+ 44. Kc3 Nxa2+ 45. Kb2 Nb4 46. Kc3 Nc6 47. Re4 0-1

[Event "Wch Rapid"]
[Site "Riadh"]
[Date "2017.12.28"]
[Round "12"]
[White "Al Juhani, Bakr"]
[Black "Salama, Taher"]
[Result "1-0"]
[WhiteElo "1854"]
[BlackElo "1769"]
[PlyCount "65"]
[EventDate "2017.12.26"]
[EventType "swiss (rapid)"]
[EventRounds "15"]
[EventCountry "SAU"]
[SourceTitle "CBM 182 Extra"]
[Source "ChessBase"]
[SourceDate "2018.02.23"]
[SourceVersion "1"]
[SourceVersionDate "2018.02.23"]
[SourceQuality "1"]

1. e4 c5 2. Nf3 d6 3. Bd3 Nc6 4. c3 Nf6 5. Bc2 e5 6. h3 Be7 7. 0-0 Be6 8. Re1 0-0 9. d4 cxd4 10. cxd4 exd4 11. Nxd4 Nxd4 12. Qxd4 Qc7 13. Nc3 a6 14. Be3 Qa5 15. a3 Rac8 16. Rac1 Rc6 17. Bd2 Qh5 18. Bd1 Qg6 19. Qe3 Rfc8 20. Be2 Nd7 21. f4 f5 22. exf5 Bxf5 23. Qxe7 Bxh3 24. Bf3 Rc5 25. Be3 Rf5 26. Nd5 Nc5 27. Bxc5 dxc5 28. Qe4 Rf7 29. Ne7+ Rxe7 30. Qxe7 Bf5 31. Bd5+ Kh8 32. Bf7 Qc6 33. Rxc5 1-0

[Event "Wch Rapid"]
[Site "Riadh"]
[Date "2017.12.28"]
[Round "11"]
[White "Salama, Taher"]
[Black "Bukannan, Ahmed A"]
[Result "0-1"]
[WhiteElo "1769"]
[BlackElo "1929"]
[PlyCount "69"]
[EventDate "2017.12.26"]
[EventType "swiss (rapid)"]
[EventRounds "15"]
[EventCountry "SAU"]
[SourceTitle "CBM 182 Extra"]
[Source "ChessBase"]
[SourceDate "2018.02.23"]
[SourceVersion "1"]
[SourceVersionDate "2018.02.23"]
[SourceQuality "1"]

1. d4 d5 2. c4 dxc4 3. e4 Nc6 4. Nf3 Bg4 5. Bxc4 e6 6. Be3 Nf6 7. Nc3 Bb4 8. Bd3 0-0 9. Bc2 Qd7 10. Qd3 Nxe4 11. 0-0 Bxc3 12. bxc3 Nf6 13. Qe2 Qd5 14. Rfb1 a6 15. h3 Bxf3 16. Qxf3 Qxf3 17. gxf3 Rab8 18. Kh2 Nd5 19. Bd2 Rfd8 20. Rg1 Nde7 21. Rg4 Ne5 22. Rg3 N5g6 23. Rag1 Nf5 24. Bxf5 exf5 25. h4 f4 26. Rg4 h5 27. Rg5 Nxh4 28. Rxg7+ Kf8 29. Kh3 Ng6 30. Rh7 c5 31. Rxh5 cxd4 32. cxd4 Kg7 33. Bxf4 Rh8 34. Rgg5 Rxh5+ 35. Rxh5 0-1

[Event "Wch Rapid"]
[Site "Riadh"]
[Date "2017.12.27"]
[Round "9"]
[White "Al Zamel, Khaled"]
[Black "Salama, Taher"]
[Result "0-1"]
[WhiteElo "1942"]
[BlackElo "1769"]
[PlyCount "68"]
[EventDate "2017.12.26"]
[EventType "swiss (rapid)"]
[EventRounds "15"]
[EventCountry "SAU"]
[SourceTitle "CBM 182 Extra"]
[Source "ChessBase"]
[SourceDate "2018.02.23"]
[SourceVersion "1"]
[SourceVersionDate "2018.02.23"]
[SourceQuality "1"]

1. e4 c5 2. d3 Nc6 3. Nd2 e6 4. Ngf3 d5 5. g3 Nf6 6. Bg2 Be7 7. 0-0 0-0 8. Re1 Re8 9. c3 b6 10. e5 Nd7 11. d4 f6 12. exf6 Nxf6 13. Nf1 Ne4 14. Bf4 Bf6 15. Ne5 Bb7 16. h4 Rc8 17. Nh2 Ne7 18. Nhg4 Nf5 19. Nxf6+ Nxf6 20. Bg5 cxd4 21. cxd4 Rc7 22. g4 Nd6 23. f3 h6 24. Bxf6 Qxf6 25. b3 Qxh4 26. Qd3 Qf6 27. Rac1 Rec8 28. Rxc7 Rxc7 29. Re2 Rc1+ 30. Kf2 Ne4+ 31. Rxe4 dxe4 32. Qd2 Qh4+ 33. Ke3 Re1+ 34. Kf4 Qd8 0-1

[Event "Wch Rapid"]
[Site "Riadh"]
[Date "2017.12.27"]
[Round "6"]
[White "Lam, Daniel King Wai"]
[Black "Salama, Taher"]
[Result "1-0"]
[WhiteElo "2222"]
[BlackElo "1769"]
[PlyCount "43"]
[EventDate "2017.12.26"]
[EventType "swiss (rapid)"]
[EventRounds "15"]
[EventCountry "SAU"]
[SourceTitle "CBM 182 Extra"]
[Source "ChessBase"]
[SourceDate "2018.02.23"]
[SourceVersion "1"]
[SourceVersionDate "2018.02.23"]
[SourceQuality "1"]

1. d4 Nf6 2. c4 e6 3. Nc3 d5 4. Bf4 Be7 5. e3 0-0 6. Nf3 b6 7. cxd5 exd5 8. Bd3 Bg4 9. h3 Bh5 10. g4 Bg6 11. Bxg6 hxg6 12. Ne5 c6 13. h4 Nfd7 14. g5 Nxe5 15. dxe5 Nd7 16. Qg4 Nc5 17. h5 Nd3+ 18. Kf1 Qc8 19. Qh4 Rd8 20. Ne2 Qa6 21. hxg6 fxg6 22. e6 1-0

[Event "Wch Rapid"]
[Site "Riadh"]
[Date "2017.12.26"]
[Round "1"]
[White "Li, Chao B"]
[Black "Salama, Taher"]
[Result "1-0"]
[WhiteElo "2732"]
[BlackElo "1769"]
[PlyCount "87"]
[EventDate "2017.12.26"]
[EventType "swiss (rapid)"]
[EventRounds "15"]
[EventCountry "SAU"]
[SourceTitle "CBM 182 Extra"]
[Source "ChessBase"]
[SourceDate "2018.02.23"]
[SourceVersion "1"]
[SourceVersionDate "2018.02.23"]
[SourceQuality "1"]

1. d4 Nf6 2. c4 e6 3. g3 d5 4. Bg2 Be7 5. Nf3 Nbd7 6. 0-0 0-0 7. Qc2 c5 8. Rd1 Qb6 9. cxd5 exd5 10. Nc3 cxd4 11. Nxd4 Ne5 12. Bf4 Ng6 13. Be3 a6 14. Nxd5 Nxd5 15. Bxd5 Qc5 16. Qxc5 Bxc5 17. Rac1 Bd6 18. Nb3 Be7 19. Rc7 Bf6 20. Bc5 Be5 21. Bxf8 Bxc7 22. Bc5 Ne5 23. f4 Nc6 24. Nd4 Bd7 25. Nxc6 Bxc6 26. Bxc6 bxc6 27. Rd7 Rc8 28. e4 h6 29. Kf2 g6 30. e5 Ba5 31. b4 Bc7 32. Kf3 a5 33. a3 axb4 34. axb4 h5 35. Ke4 Bb8 36. h3 Re8 37. Be7 Rc8 38. g4 hxg4 39. hxg4 Bc7 40. f5 gxf5+ 41. gxf5 Bb6 42. Rd2 Ra8 43. Rg2+ Kh7 44. Rh2+ 1-0

[Event "Wch Rapid"]
[Site "Riadh"]
[Date "2017.12.26"]
[Round "4"]
[White "Salama, Taher"]
[Black "Al Bargi, Hassan M"]
[Result "1-0"]
[WhiteElo "1769"]
[BlackElo "1579"]
[PlyCount "81"]
[EventDate "2017.12.26"]
[EventType "swiss (rapid)"]
[EventRounds "15"]
[EventCountry "SAU"]
[SourceTitle "CBM 182 Extra"]
[Source "ChessBase"]
[SourceDate "2018.02.23"]
[SourceVersion "1"]
[SourceVersionDate "2018.02.23"]
[SourceQuality "1"]

1. d4 d5 2. c4 c6 3. e3 Nf6 4. Nc3 e6 5. Nf3 Nbd7 6. Bd3 dxc4 7. Bxc4 b5 8. Bd3 Be7 9. 0-0 0-0 10. Qe2 Bb7 11. Rd1 a6 12. a3 c5 13. dxc5 Bxc5 14. b3 Qe7 15. Bb2 Rac8 16. Nd4 Rfd8 17. Nf3 Nf8 18. b4 Ba7 19. Rd2 Nd5 20. Nxd5 Bxd5 21. Nd4 Bxd4 22. Bxd4 e5 23. Bb2 f6 24. Bf5 Bc4 25. Qe1 Rxd2 26. Qxd2 Rd8 27. Qc3 Qd6 28. h3 Qd2 29. Qxd2 Rxd2 30. Bc3 Rd6 31. f3 Nd7 32. Kf2 Nb6 33. Ke1 Na4 34. Bd2 Bd3 35. e4 Nb6 36. Be3 g6 37. Bc5 Rd8 38. Bxb6 Rb8 39. Be6+ Kg7 40. Bc5 Rd8 41. Rd1 1-0

[Event "Asia Cities-ch 20th"]
[Site "Bhubaneswar"]
[Date "2017.09.01"]
[Round "9.6"]
[White "Salama, Taher"]
[Black "Tseng, Woei Haw"]
[Result "1-0"]
[WhiteElo "1784"]
[BlackElo "1664"]
[PlyCount "79"]
[EventDate "2017.08.26"]
[EventType "team-swiss"]
[EventRounds "9"]
[EventCountry "IND"]
[SourceTitle "CBM 180 Extra"]
[Source "ChessBase"]
[SourceDate "2017.10.06"]
[SourceVersion "1"]
[SourceVersionDate "2017.10.06"]
[SourceQuality "1"]
[WhiteTeam "Alquds"]
[BlackTeam "Chinese Taipei"]
[WhiteTeamCountry "PLE"]
[BlackTeamCountry "TPE"]

1. d4 d5 2. c4 e6 3. Nc3 Nf6 4. e3 c6 5. Nf3 Be7 6. Bd3 0-0 7. 0-0 Nbd7 8. Re1 dxc4 9. Bxc4 b5 10. Bd3 Bb7 11. Qe2 a6 12. e4 h6 13. e5 Nd5 14. Qe4 f5 15. exf6 Bxf6 16. Qxe6+ Rf7 17. Bg6 Qe7 18. Bxf7+ Qxf7 19. Qxf7+ Kxf7 20. Nxd5 cxd5 21. Bf4 Rc8 22. Rac1 Nb6 23. b3 g5 24. Be5 Bd8 25. h3 Kg6 26. Rxc8 Nxc8 27. Bb8 Ne7 28. g4 Kf6 29. Ne5 Bc8 30. Rc1 Bb6 31. Nc6 Bd7 32. Nxe7 Kxe7 33. Be5 Kf7 34. Kf1 Kg6 35. Ke2 a5 36. Ke3 a4 37. bxa4 bxa4 38. Rb1 Ba5 39. Rb7 Bc6 40. Rg7# 1-0

[Event "Asia Cities-ch 20th"]
[Site "Bhubaneswar"]
[Date "2017.08.30"]
[Round "7.5"]
[White "Salem, Ahmed Salem"]
[Black "Salama, Taher"]
[Result "1-0"]
[WhiteElo "1724"]
[BlackElo "1784"]
[PlyCount "38"]
[EventDate "2017.08.26"]
[EventType "team-swiss"]
[EventRounds "9"]
[EventCountry "IND"]
[SourceTitle "CBM 180 Extra"]
[Source "ChessBase"]
[SourceDate "2017.10.06"]
[SourceVersion "1"]
[SourceVersionDate "2017.10.06"]
[SourceQuality "1"]
[WhiteTeam "Dubai"]
[BlackTeam "Alquds"]
[WhiteTeamCountry "UAE"]
[BlackTeamCountry "PLE"]

1. e4 c5 2. Nf3 d6 3. d4 cxd4 4. Nxd4 Nf6 5. Nc3 a6 6. Be2 e5 7. Nb3 Be7 8. 0-0 Be6 9. Bg5 Nbd7 10. Qd2 Rc8 11. f3 0-0 12. Rad1 Qc7 13. Bd3 Rfd8 14. Rfe1 h6 15. Bh4 Nxe4 16. Rxe4 Nf6 17. Ree1 d5 18. Bg3 Bd6 19. Kh1 b5 1-0

[Event "Asia Cities-ch 20th"]
[Site "Bhubaneswar"]
[Date "2017.08.29"]
[Round "6.4"]
[White "Salama, Taher"]
[Black "Pattnayak, Nilsu"]
[Result "1/2-1/2"]
[WhiteElo "1784"]
[BlackElo "1763"]
[PlyCount "62"]
[EventDate "2017.08.26"]
[EventType "team-swiss"]
[EventRounds "9"]
[EventCountry "IND"]
[SourceTitle "CBM 180 Extra"]
[Source "ChessBase"]
[SourceDate "2017.10.06"]
[SourceVersion "1"]
[SourceVersionDate "2017.10.06"]
[SourceQuality "1"]
[WhiteTeam "Alquds"]
[BlackTeam "Cuttack"]
[WhiteTeamCountry "PLE"]
[BlackTeamCountry "IND"]

1. d4 Nf6 2. c4 e6 3. Nc3 Bb4 4. e3 Bxc3+ 5. bxc3 0-0 6. Bd3 d6 7. Nf3 Nc6 8. 0-0 b6 9. e4 e5 10. Bg5 h6 11. Be3 Re8 12. Nd2 Ng4 13. Be2 Nxe3 14. fxe3 Ne7 15. Bd3 Ng6 16. Qf3 Rf8 17. Qg3 Qh4 18. Qxh4 Nxh4 19. Rf2 Ba6 20. Nf1 Ng6 21. Ng3 Ne7 22. Nf5 Rae8 23. a4 Nxf5 24. Rxf5 Bb7 25. d5 c6 26. a5 cxd5 27. exd5 Ra8 28. Rf2 bxa5 29. Rxa5 Rfc8 30. Rb2 Rc7 31. e4 Bc8 1/2-1/2

[Event "Asia Cities-ch 20th"]
[Site "Bhubaneswar"]
[Date "2017.08.28"]
[Round "4.4"]
[White "Salama, Taher"]
[Black "Tan, Jun Ying"]
[Result "0-1"]
[WhiteElo "1784"]
[BlackElo "2038"]
[PlyCount "57"]
[EventDate "2017.08.26"]
[EventType "team-swiss"]
[EventRounds "9"]
[EventCountry "IND"]
[SourceTitle "CBM 180 Extra"]
[Source "ChessBase"]
[SourceDate "2017.10.06"]
[SourceVersion "1"]
[SourceVersionDate "2017.10.06"]
[SourceQuality "1"]
[WhiteTeam "Alquds"]
[BlackTeam "Penang"]
[WhiteTeamCountry "PLE"]
[BlackTeamCountry "MAS"]

1. d4 Nf6 2. c4 e6 3. Nc3 c5 4. e3 b6 5. Nf3 cxd4 6. exd4 Bb7 7. Bg5 Be7 8. Bd3 d6 9. 0-0 Nbd7 10. Re1 0-0 11. Qe2 a6 12. Rad1 Qc7 13. Rc1 Rfe8 14. Bf4 Rad8 15. a3 Bf8 16. Nd2 e5 17. dxe5 dxe5 18. Bg5 Nc5 19. Bc2 Ne6 20. Bxf6 Nf4 21. Qg4 Rxd2 22. Ne4 h5 23. Qg5 Bxe4 24. Bxe4 Qc5 25. Qh4 gxf6 26. Re3 Ne2+ 27. Kh1 Bg7 28. Qxh5 Nxc1 29. h3 0-1